000 00670nam a2200229 i 4500
001 bgj
100 1 _aJÄKEL, Günther.
245 1 0 _aLudwig Richter /
_cRed. Günther Jäkel und Monika Krähling ; Hans Feldbusch.
260 _aBergisch Gladbach :
_bBastei-Verlag Gustav H. Lübbe,
_c1969.
300 _a[6] s., [XVI] k. :
_bil. ;
_c36 cm.
490 1 _aBastei Galerie der grossen Maler
_vNr. 80
600 1 _aRICHTER, Ludwig.
650 9 _aSztuka
700 1 _aFELDBUSCH, Hans.
830 _aBastei Galerie der grossen Maler
040 _cBPK
041 0 _ager
044 _aDEU
080 _a7
942 _cKS
008 s gw f |000 0 ger
999 _c50030
_d50030
856 _uhttp://koha.tu.koszalin.pl/cgi-bin/koha/opac-detail.pl?biblionumber=50030
_yKatalog online BPK